LEADER 00773cam0 2200253 450
001 000005287
005 20090128140337.0
010 $a0-521-53567-0
100 $a20040206d2004----km-y0itay50------ba
101 0 $aeng
102 $aGB
105 $ay-------001yy
200 1 $a<>course in public economics$fJohn leach
210 $aCambridge$cCambridge university press$dc2004
215 $aXX, 413 p.$cgraf. e tab.$d24 cm
500 10$a<>course in public economics$938741
610 1 $aEconomia pubblica
676 $a330$v19$9Scienze economiche
700 1$aLeach,$bJohn$0209695
801 0$aIT$bUNIPARTHENOPE$gRICA$2UNIMARC
912 $a000005287
951 $a327/84.$b10306$cNAVA2$d20040206
996 $aCourse in public economics$938741
997 $aUNIPARTHENOPE